Portugal e o Descobrimento Europeu da América (Registo nº 1145)

Detalhes MARC
000 -Etiqueta do registo
Cabeçalho 00854nam0a2200277 i 4500
005 - Identificador da versão
Campo de controlo 20240813121826.0
021 ## - Número do Depósito Legal
Código do país PT
Número 50 233/91
100 ## - Dados gerais de processamento
Dados gerais de processamento 20100712d1992 m y0pory5003 ba
102 ## - Pais de publicação ou produção
País de publicação Portugal
101 1# - Língua de publicação
Língua do texto, banda sonora, etc. Português
Língua do documento no original Inglês
106 ## - Campo de dados codificados: material textual
Dados codificados do material textual r
105 ## - Campo de dados codificados: livros
Dados codificados dos livros a z 001yy
215 ## - Descrição física 
Indicação específica da natureza do documento e extensão da espécie [4], 137, [2] p., a 2 colns
Outras indicações físicas il.
200 1# - Titulo e menção de responsabilidade
Título próprio Portugal e o Descobrimento Europeu da América
Informação de outro título Cristovão Colombo e os portugueses
Primeira menção de responsabilidade Alfredo Pinheiro Marques
205 ## - Menção da edição
Menção da edição 1a ed
210 ## - Publicação, Distribuição, etc. 
Lugar da edição, distribuição, etc. Lisboa
Nome do editor, distribuidor, etc. Imprensa Nacional - Casa da Moeda
Data da publicação, distribuição, etc. 1992
304 ## - Notas relativas a título e menção de responsabilidade 
Texto da nota Tít. orig.:
606 ## - Nome comum usado como assunto
Número de registo de entrada de autoridade 0001573
Palavra de ordem Descobrimento da América
Número de registo de entrada de autoridade 0001574
Palavra de ordem Descobrimentos Portugueses
675 ## - Classificação Decimal Universal (CDU)
Notação 94(469-5:7/8)"14/15"
Edição BN
Língua da edição por
700 #1 - Nome de autor-pessoa física (responsabilidade principal)
Número de registo de entrada de autoridade 0001572
Palavra de ordem Marques
Outra parte do nome não tomada para palavra de ordem Alfredo Pinheiro
Datas 1956-
942 ## - Elementos de entrada adicionados (Koha)
Tipo de item no Koha Livro
Exemplares
Situação do levantamento Origin of item (home branch) (coded) Biblioteca de empréstimo Código de barras Cota Circulation type (not for loan) Tipo de documento Nota do exemplar Damaged status
  Biblioteca Escolar Eng. Nuno Mergulhão Biblioteca Escolar Eng. Nuno Mergulhão BENM2088 9PT MAR   Livro Sem mensagem